000 00588nmm a2200217Ia 4500
008 251105s9999||||xx |||||||||||||||||und||
020 _a9788498959307
041 _aspa
100 _aLanseros, Raquel
245 0 _aLos ojos de Elsa
264 _a[Madrid, España] :
_bVisor Libros,
_c2015
300 _a156 páginas
490 _aVisor de Poesía
650 _aFrench poetry
700 _aLanseros, Raquel
700 1 _a Lanseros, Raquel
700 1 _a Lanseros, Raquel
700 1 _a Aragon, Louis
856 _uhttps://public.digitaliapublishing.com/a/41605
942 _cCF
999 _c67650
_d67650